[Event "POL-chT4 Kujawsko-Pomorskie 1516"]
[White "Marzec, Konrad"]
[Black "Starzynski, Waldemar"]
[Site "Poland"]
[Round "7"]
[Result "1/2-1/2"]
[Date "2016.02.14"]
[WhiteElo "1444"]
[BlackElo "1744"]
[PlyCount "84"]
[EventDate "2015.11.08"]
[EventType "team-tourn"]
[EventRounds "11"]
[EventCountry "POL"]
[SourceTitle "EXT 2019"]
[Source "ChessBase"]
[SourceDate "2018.10.10"]
[SourceVersion "1"]
[SourceVersionDate "2018.10.10"]
[SourceQuality "1"]

1. e4 e6 2. d4 d5 3. exd5 exd5 4. Nf3 Nf6 5. Be2 Be7 6. 0-0 0-0 7. c4 Nbd7 8. Nbd2 dxc4 9. Nxc4 Nd5 10. Ne3 Nf4 11. Nf5 Nxe2+ 12. Qxe2 Bf6 13. Re1 Nb6 14. Ne7+ Kh8 15. Nxc8 Nxc8 16. Qd3 Nd6 17. Bf4 Kg8 18. Be5 g6 19. Bxf6 Qxf6 20. h3 Rfd8 21. Rad1 Nf5 22. Qc4 c6 23. b3 Ne7 24. Ne5 Nd5 25. Ng4 Qf4 26. Rd3 Re8 27. Rxe8+ Rxe8 28. Ne5 Re7 29. Rf3 Qe4 30. Qd3 Qe1+ 31. Kh2 Kg7 32. Qc2 f6 33. Nd3 Qf1 34. Nf4 Nxf4 35. Rxf4 Re2 36. Qc5 Rxf2 37. Qe7+ Kh6 38. Rh4+ Kg5 39. Rg4+ Kh6 40. Qf8+ Kh5 41. Qg7 Rxg2+ 42. Rxg2 Qf4+ 1/2-1/2

[Event "POL-ch rapid"]
[White "Starzynski, Waldemar"]
[Black "Wojtaszek, Radoslaw"]
[Site "Trzcianka"]
[Round "1"]
[Result "0-1"]
[Date "2014.04.13"]
[WhiteElo "1840"]
[BlackElo "2716"]
[PlyCount "26"]
[EventDate "2014.04.13"]
[EventType "swiss (rapid)"]
[EventRounds "9"]
[EventCountry "POL"]
[SourceTitle "CBM 159 Extra"]
[Source "ChessBase"]
[SourceDate "2014.04.24"]
[SourceVersion "1"]
[SourceVersionDate "2014.04.24"]
[SourceQuality "1"]

1. e4 c5 2. Nf3 e6 3. c4 Nc6 4. Nc3 Nf6 5. Be2 d5 6. exd5 exd5 7. d4 dxc4 8. d5 Nb8 9. Bxc4 Bd6 10. 0-0 0-0 11. Bg5 h6 12. Bh4 Bf5 13. Bd3 Bg6 0-1

[Event "POL-chT3 Kujawsko Pomorskie 1213"]
[White "Czapiewski, Waldemar"]
[Black "Starzynski, Waldemar"]
[Site "Poland"]
[Round "7.18"]
[Result "0-1"]
[Date "2013.01.27"]
[WhiteElo "1879"]
[BlackElo "1854"]
[PlyCount "88"]
[EventDate "2012.11.04"]
[EventType "team-tourn"]
[EventRounds "11"]
[EventCountry "POL"]
[SourceTitle "EXT 2015"]
[Source "ChessBase"]
[SourceDate "2014.11.20"]
[SourceVersion "1"]
[SourceVersionDate "2014.11.20"]
[SourceQuality "1"]
[WhiteTeam "Chojnice UKS Osemka"]
[BlackTeam "Bydgoszcz Chemik II"]
[WhiteTeamCountry "POL"]
[BlackTeamCountry "POL"]

1. d4 e6 2. c4 d5 3. Nc3 Nf6 4. Nf3 Nbd7 5. e3 Be7 6. cxd5 exd5 7. Bb5 c6 8. Bd3 0-0 9. 0-0 Re8 10. Qb3 Bd6 11. Qc2 Nf8 12. e4 dxe4 13. Nxe4 Nxe4 14. Bxe4 Ng6 15. Bg5 Qa5 16. Bd2 Qh5 17. Rfe1 Bg4 18. h3 Nh4 19. hxg4 Nxf3+ 20. gxf3 Qh3 21. f4 Qxg4+ 22. Bg2 h5 23. Re4 f5 24. Rxe8+ Rxe8 25. Re1 Rxe1+ 26. Bxe1 Kh8 27. Qd3 Qxf4 28. Bd2 Qg4 29. Bc3 Qg5 30. Bd2 Qg4 31. f3 Qh4 32. Qe3 Bg3 33. Bc3 Bf4 34. Qe8+ Kh7 35. Qe6 Qg5 36. Kf1 h4 37. Bh3 g6 38. d5 Qg3 39. Qf7+ Kh6 40. Qf8+ Kg5 41. Bf6+ Kh5 42. Qh8+ Bh6 43. Bg2 h3 44. Bxh3 Qxh3+ 0-1

[Event "POL-chT3 Kujawsko Pomorskie 1213"]
[White "Starzynski, Waldemar"]
[Black "Kubicki, Marek"]
[Site "Poland"]
[Round "6.18"]
[Result "0-1"]
[Date "2013.01.13"]
[WhiteElo "1854"]
[BlackElo "2163"]
[PlyCount "50"]
[EventDate "2012.11.04"]
[EventType "team-tourn"]
[EventRounds "11"]
[EventCountry "POL"]
[SourceTitle "EXT 2015"]
[Source "ChessBase"]
[SourceDate "2014.11.20"]
[SourceVersion "1"]
[SourceVersionDate "2014.11.20"]
[SourceQuality "1"]
[WhiteTeam "Bydgoszcz Chemik II"]
[BlackTeam "Swiecie Gambit"]
[WhiteTeamCountry "POL"]
[BlackTeamCountry "POL"]

1. e4 c6 2. d4 d5 3. Nc3 dxe4 4. Nxe4 Nf6 5. Ng3 Bg4 6. Be2 Bxe2 7. N1xe2 e6 8. 0-0 Nbd7 9. Re1 Bd6 10. c3 Qc7 11. Qd3 0-0-0 12. Qf3 Rdg8 13. Bf4 g5 14. Bxd6 Qxd6 15. Ne4 Nxe4 16. Qxe4 h5 17. c4 h4 18. Nc3 g4 19. d5 g3 20. dxc6 gxf2+ 21. Kxf2 Nf6 22. cxb7+ Kb8 23. Qe2 Ng4+ 24. Kf3 Nxh2+ 25. Kf2 Qd4+ 0-1

[Event "Znin op"]
[White "Haja, Jacek"]
[Black "Starzynski, Waldemar"]
[Site "Znin"]
[Round "8"]
[Result "1-0"]
[Date "2010.07.01"]
[WhiteElo "1778"]
[BlackElo "1877"]
[PlyCount "66"]
[EventDate "2010.06.27"]
[EventType "swiss"]
[EventRounds "9"]
[EventCountry "POL"]
[SourceTitle "CBM 137 Extra"]
[Source "ChessBase"]
[SourceDate "2010.09.01"]
[SourceVersion "1"]
[SourceVersionDate "2010.09.01"]
[SourceQuality "1"]

1. e4 e6 2. d4 d5 3. Nc3 dxe4 4. Nxe4 Be7 5. Nf3 Nf6 6. Nxf6+ Bxf6 7. Bd3 Nc6 8. c3 Ne7 9. 0-0 0-0 10. Qc2 Ng6 11. Re1 Bd7 12. Be4 Rb8 13. a4 a5 14. h3 Bc6 15. Bxc6 bxc6 16. Ne5 Qd6 17. Nxg6 hxg6 18. Re4 c5 19. Bf4 Qc6 20. dxc5 Qxc5 21. Qe2 Rb7 22. Rc4 Qb6 23. b4 c6 24. Qe4 axb4 25. Rxb4 Qa6 26. Rc4 Rc8 27. Rd1 Rb3 28. Rd3 Rb1+ 29. Kh2 Rb2 30. Be3 Be5+ 31. f4 f5 32. Qxe5 Qxc4 33. Rd2 Rxd2 1-0

[Event "Znin op"]
[White "Starzynski, Waldemar"]
[Black "Katafiasz, Tomasz"]
[Site "Znin"]
[Round "7"]
[Result "0-1"]
[Date "2010.06.30"]
[WhiteElo "1877"]
[BlackElo "2000"]
[PlyCount "70"]
[EventDate "2010.06.27"]
[EventType "swiss"]
[EventRounds "9"]
[EventCountry "POL"]
[SourceTitle "CBM 137 Extra"]
[Source "ChessBase"]
[SourceDate "2010.09.01"]
[SourceVersion "1"]
[SourceVersionDate "2010.09.01"]
[SourceQuality "1"]

1. e4 c5 2. b3 Nc6 3. Bb2 Nf6 4. Nc3 g6 5. Nf3 Bg7 6. Nd5 0-0 7. Nxf6+ exf6 8. Be2 Re8 9. d3 d5 10. exd5 Qxd5 11. 0-0 Rb8 12. Re1 Bg4 13. Qd2 Qd7 14. a3 Re7 15. Qf4 Rbe8 16. Kf1 g5 17. Qd2 Qd6 18. Kg1 b5 19. Nd4 Nxd4 20. Bxg4 f5 21. Rxe7 Rxe7 22. Bh5 Qh6 23. Bd1 g4 24. Bc3 Qxd2 25. Bxd2 Ne2+ 26. Bxe2 Bxa1 27. Kf1 Bb2 28. a4 bxa4 29. bxa4 Be5 30. h3 h5 31. f3 gxh3 32. gxh3 f4 33. c3 Rb7 34. Be1 Rb1 35. d4 cxd4 0-1

[Event "POL-chT3 Kujawsko Pomorskie 0910"]
[White "Starzynski, Waldemar"]
[Black "Kubicki, Marek"]
[Site "Poland"]
[Round "4.32"]
[Result "0-1"]
[Date "2009.12.20"]
[WhiteElo "1877"]
[BlackElo "2143"]
[PlyCount "72"]
[EventDate "2009.11.08"]
[EventType "team-tourn"]
[EventRounds "11"]
[EventCountry "POL"]
[SourceTitle "EXT 2020"]
[Source "ChessBase"]
[SourceDate "2019.10.17"]
[SourceVersion "1"]
[SourceVersionDate "2019.10.17"]
[SourceQuality "1"]

1. e4 c6 2. b3 d5 3. exd5 cxd5 4. Bb2 Nc6 5. g3 e5 6. Bg2 Be6 7. Ne2 Bd6 8. Nbc3 Nge7 9. 0-0 Qd7 10. d3 h5 11. Qd2 h4 12. Qg5 hxg3 13. fxg3 0-0-0 14. Nb5 Bb8 15. c4 a6 16. Rac1 axb5 17. cxb5 Ba7+ 18. d4 Kb8 19. bxc6 Nxc6 20. Rxc6 f6 21. Qd2 Qxc6 22. Rc1 Qd7 23. Ba3 Bh3 24. Bh1 Rc8 25. Bc5 Bxc5 26. dxc5 Be6 27. b4 d4 28. c6 bxc6 29. Rc5 d3 30. Nc1 Qd4+ 31. Kf1 Bh3+ 32. Bg2 Bxg2+ 33. Kxg2 Rxh2+ 34. Kxh2 Rh8+ 35. Kg2 Qe4+ 36. Kg1 Rh1+ 0-1

[Event "Bydgoszcz op"]
[White "Bokiej, Przemyslaw"]
[Black "Starzynski, Waldemar"]
[Site "Bydgoszcz"]
[Round "3"]
[Result "0-1"]
[Date "2009.10.10"]
[WhiteElo "2075"]
[BlackElo "1855"]
[PlyCount "64"]
[EventDate "2009.10.09"]
[EventType "swiss"]
[EventRounds "5"]
[EventCountry "POL"]
[SourceTitle "CBM 132 Extra"]
[Source "ChessBase"]
[SourceDate "2009.11.03"]
[SourceVersion "1"]
[SourceVersionDate "2009.11.03"]
[SourceQuality "1"]

1. e4 e6 2. d3 d5 3. Nd2 dxe4 4. dxe4 b6 5. Ngf3 Bb7 6. Bb5+ Bc6 7. Bxc6+ Nxc6 8. 0-0 Be7 9. e5 Nh6 10. Qe2 0-0 11. Ne4 Nf5 12. Rd1 Qc8 13. Bf4 Qb7 14. g4 Nh4 15. Nxh4 Bxh4 16. g5 Rad8 17. Qf3 Qa8 18. Rxd8 Rxd8 19. Rd1 Rxd1+ 20. Qxd1 Ne7 21. Qf3 Qd5 22. c4 Qd8 23. Nc3 Ng6 24. Ne4 Qd4 25. b3 Nxf4 26. Qxf4 Bxf2+ 27. Kg2 Be3 28. Qf3 h6 29. h4 hxg5 30. hxg5 Bc1 31. Qg4 Qxe5 32. g6 f5 0-1

[Event "POL-chT 2nd League"]
[White "Starzynski, Waldemar"]
[Black "Czernicki, Bogdan"]
[Site "Ustron"]
[Round "5.41"]
[Result "1-0"]
[Date "2008.09.11"]
[WhiteElo "1866"]
[BlackElo "2032"]
[PlyCount "77"]
[EventDate "2008.09.06"]
[EventType "team-swiss"]
[EventRounds "9"]
[EventCountry "POL"]
[SourceTitle "EXT 2015"]
[Source "ChessBase"]
[SourceDate "2014.11.20"]
[SourceVersion "1"]
[SourceVersionDate "2014.11.20"]
[SourceQuality "1"]
[WhiteTeam "Bydgoszcz Chemik"]
[BlackTeam "Krakow TKKF Drogowiec"]
[WhiteTeamCountry "POL"]
[BlackTeamCountry "POL"]

1. e4 e6 2. d4 d5 3. Nc3 Bb4 4. Bd3 b6 5. Nge2 a5 6. a3 Be7 7. 0-0 Ba6 8. exd5 exd5 9. Re1 Nf6 10. Bg5 0-0 11. Ng3 Bxd3 12. Qxd3 h6 13. Nf5 hxg5 14. Nxe7+ Kh8 15. Qh3+ Nh7 16. Re3 Qd7 17. Qh5 g4 18. h3 g3 19. fxg3 Nc6 20. Nxc6 Qxc6 21. Qxd5 Qh6 22. Rae1 Rad8 23. Qe5 c6 24. Ne2 Nf6 25. Qf4 g5 26. Qf3 Nd5 27. Re5 f6 28. Re6 Rfe8 29. Nc3 Rxe6 30. Rxe6 Kg7 31. Nxd5 Rxd5 32. c3 Qg6 33. Kh2 Rf5 34. Qe4 Rb5 35. Re7+ Kh6 36. b4 axb4 37. Qxc6 Rf5 38. Qa8 g4 39. Qh8+ 1-0

[Event "POL-chT 2nd League"]
[White "Starzynski, Waldemar"]
[Black "Wolak, Jacek"]
[Site "Ustron"]
[Round "6.35"]
[Result "0-1"]
[Date "2008.09.11"]
[WhiteElo "1866"]
[BlackElo "2093"]
[PlyCount "103"]
[EventDate "2008.09.06"]
[EventType "team-swiss"]
[EventRounds "9"]
[EventCountry "POL"]
[SourceTitle "EXT 2015"]
[Source "ChessBase"]
[SourceDate "2014.11.20"]
[SourceVersion "1"]
[SourceVersionDate "2014.11.20"]
[SourceQuality "1"]
[WhiteTeam "Bydgoszcz Chemik"]
[BlackTeam "Krakow KKSz"]
[WhiteTeamCountry "POL"]
[BlackTeamCountry "POL"]

1. e4 e6 2. d4 d5 3. Nc3 Bb4 4. Bd3 Nc6 5. Nge2 Nge7 6. 0-0 0-0 7. a3 Bxc3 8. bxc3 dxe4 9. Bxe4 f5 10. Bd3 e5 11. Bc4+ Kh8 12. d5 Na5 13. Ba2 b6 14. c4 Ba6 15. Nc3 Bxc4 16. Bxc4 Nxc4 17. Qe2 Nd6 18. Qxe5 Ng6 19. Qd4 Qd7 20. Bb2 f4 21. f3 Nf5 22. Qd2 Ne3 23. Rfe1 Nh4 24. Rxe3 fxe3 25. Qxe3 Rae8 26. Qf2 Nf5 27. Re1 Rxe1+ 28. Qxe1 Re8 29. Qd2 Ne3 30. Qd3 Qf5 31. Ne4 Nxd5 32. Qb5 Qe6 33. g3 c6 34. Qd3 c5 35. c4 Nf6 36. Qc3 Qe7 37. a4 Nxe4 38. fxe4 Rd8 39. e5 Rd1+ 40. Kg2 Qb7+ 41. Kh3 Qd7+ 42. e6 Qxe6+ 43. Kg2 Qe2+ 44. Kh3 Qf1+ 45. Kh4 Rd4+ 46. g4 Qf4 47. h3 Qf2+ 48. Kh5 g6+ 49. Kg5 Kg7 50. Qxd4+ cxd4 51. Bxd4+ Qxd4 52. a5 0-1

[Event "Poznan op-B 16th"]
[White "Rys, Marek"]
[Black "Starzynski, Waldemar"]
[Site "Poznan"]
[Round "7.12"]
[Result "1/2-1/2"]
[Date "2007.07.27"]
[WhiteElo "1800"]
[BlackElo "1899"]
[PlyCount "42"]
[EventDate "2007.07.21"]
[EventType "swiss"]
[EventRounds "9"]
[EventCountry "POL"]
[SourceTitle "EXT 2023"]
[Source "ChessBase"]
[SourceDate "2022.10.05"]
[SourceVersion "1"]
[SourceVersionDate "2022.10.05"]
[SourceQuality "1"]

1. d4 e6 2. Nf3 b6 3. Bf4 Bb7 4. e3 Nf6 5. h3 Be7 6. Bd3 d6 7. Nbd2 Nbd7 8. Qe2 Nd5 9. c3 Nxf4 10. exf4 0-0 11. h4 Nf6 12. 0-0-0 c5 13. dxc5 bxc5 14. Ne4 Nd5 15. g3 Qa5 16. Bb1 Qa4 17. Nfg5 h6 18. Qh5 Rad8 19. Nxf7 Rxf7 20. Ng5 Rf6 21. Nxe6 Nb4 1/2-1/2

[Event "Poznan op-B 16th"]
[White "Mikolajczyk, Mariusz"]
[Black "Starzynski, Waldemar"]
[Site "Poznan"]
[Round "3.10"]
[Result "1/2-1/2"]
[Date "2007.07.23"]
[WhiteElo "1968"]
[BlackElo "1899"]
[PlyCount "52"]
[EventDate "2007.07.21"]
[EventType "swiss"]
[EventRounds "9"]
[EventCountry "POL"]
[SourceTitle "EXT 2023"]
[Source "ChessBase"]
[SourceDate "2022.10.05"]
[SourceVersion "1"]
[SourceVersionDate "2022.10.05"]
[SourceQuality "1"]

1. c4 e6 2. Nc3 Nf6 3. Nf3 b6 4. g3 Bb7 5. Bg2 c5 6. 0-0 Be7 7. e3 0-0 8. d4 d5 9. cxd5 Nxd5 10. Nxd5 Bxd5 11. dxc5 Bxc5 12. a3 Qf6 13. Re1 Rd8 14. Qe2 Be4 15. Nd2 Bxg2 16. Kxg2 Nd7 17. Ne4 Qe5 18. Nxc5 Nxc5 19. e4 Rd4 20. f3 Nd3 21. Rd1 Nxc1 22. Raxc1 Rad8 23. Rxd4 Qxd4 24. Rc2 g6 25. Qf2 Qd1 26. Qe2 Qd4 1/2-1/2